000 01410cam a2200421 i 4500
999 _c200436141
_d54353
001 200436141
003 TR-AnTOB
005 20210416104908.0
007 ta
008 150923t2014 tu b 001 0 tur d
020 _a9786058482449
_q(paperback)
020 _a6058482445
_q(paperback)
035 _a(OCoLC)921937824
040 _aSTF
_beng
_erda
_cSTF
_dOCLCF
_dSULEY
_dTR-AnTOB
041 0 _atur
043 _aa-tu---
050 1 4 _aBP173.7
_bS833 2014
090 _aBP173.7
_bS833 2014
100 1 _aSubaşı, Necdet,
_d1961-
_eauthor
_9110005
245 1 0 _a“Frenk hayatının gecesinde...” :
_bdini sosyaliteler /
_cDr. Necdet Subaşı.
246 3 _aDini sosyaliteler
250 _a1. baskı : Kasım 2014
264 1 _aIstanbul :
_bTezkire,
_c2014.
264 4 _c©2014
300 _a297 pages ;
_c21 cm
336 _atext
_btxt
_2rdacontent
337 _aunmediated
_bn
_2rdamedia
338 _avolume
_bnc
_2rdacarrier
490 0 _aTezkire sosyoloji dizisi ;
_v2
504 _aIncludes bibliographical references (pages 267-292) and index
650 7 _aİslam ve laiklik
_zTürkiye
_2etuturkob
_9125212
650 7 _aKadınlar, İslamda
_zTürkiye
_eetuturkob
_9125214
650 7 _aDin ve sosyoloji
_2etuturkob
_9125211
650 7 _aİslam
_zTürkiye
_2etuturkob
_928939
651 7 _aTürkiye
_xEntelektüel yaşam
_2etuturkob
_937063
942 _2lcc
_cBK